|
|
|
|
| LEADER |
00000nam2a2200000 4500 |
| 001 |
264280 |
| 005 |
20231101233822.0 |
| 035 |
|
|
|a (RuTPU)RU\TPU\book\287271
|
| 090 |
|
|
|a 264280
|
| 100 |
|
|
|a 20140618d1988 k y0rusy50 ca
|
| 101 |
0 |
|
|a rus
|
| 102 |
|
|
|a LV
|
| 105 |
|
|
|a a z 001zy
|
| 200 |
0 |
|
|a Вып. 14 : Параметрические методы диагностики
|
| 210 |
|
|
|d 1988
|
| 215 |
|
|
|a 160 с.
|c ил.
|
| 320 |
|
|
|a Библиогр. в конце ст.
|
| 461 |
|
1 |
|0 (RuTPU)RU\TPU\book\333243
|t Точность и надежность механических систем
|o межвузовский научно-технический сборник
|f Рижский политехнический институт
|v Вып. 14 : Параметрические методы диагностики
|d 1974-1989
|
| 606 |
1 |
|
|a Механизмы и машины
|x Точность
|2 stltpush
|3 (RuTPU)RU\TPU\subj\43536
|9 63024
|
| 606 |
1 |
|
|a Механизмы и машины
|x Надежность
|2 stltpush
|3 (RuTPU)RU\TPU\subj\43535
|9 63023
|
| 610 |
1 |
|
|a механические системы
|
| 610 |
1 |
|
|a параметрические методы
|
| 610 |
1 |
|
|a точность
|
| 610 |
1 |
|
|a надежность
|
| 610 |
1 |
|
|a машиностроение
|
| 610 |
1 |
|
|a автоматизированное производство
|
| 610 |
1 |
|
|a буферные устройства
|
| 610 |
1 |
|
|a пресс-формы
|
| 610 |
1 |
|
|a ЭВМ
|
| 610 |
1 |
|
|a моделирование
|
| 610 |
1 |
|
|a швейные машины
|
| 610 |
1 |
|
|a листоштамповочное оборудование
|
| 610 |
1 |
|
|a приводные цепи
|
| 610 |
1 |
|
|a втулочные цепи
|
| 610 |
1 |
|
|a виброакустические характеристики
|
| 610 |
1 |
|
|a ползучесть
|
| 610 |
1 |
|
|a самоочищающиеся фильтры
|
| 610 |
1 |
|
|a научные труды
|
| 675 |
|
|
|a 621-187
|v 4
|
| 675 |
|
|
|a 62-192
|v 4
|
| 801 |
|
1 |
|a RU
|b 63413507
|c 20140618
|
| 801 |
|
2 |
|a RU
|b 63413507
|c 20190524
|g RCR
|
| 942 |
|
|
|c BK
|